000 00655nam a2200169 4500
999 _c17140
_d17140
008 220607b ||||| |||| 00| 0 eng d
022 _a0732-8435
082 _aDPer 657.05 C33 Jan - Apr 2011, v. 81 n 1 - 4
100 _aChambers, Dennis.
_945534
245 _aGoodwill non-impairments:
_cevidence from recent research and suggestions for auditors/
_bDennis Chambers and Catherine Finger.
260 _aNew York:
_bThe New York State Society of CPA,
_c2011.
300 _aV81 n2, pages 38-41:
_billustrations;
_c28 cm.
500 _aThe CPA Journal.
650 _aAccounting.
_945535
700 _aFinger, Catherine.
_eAuthor.
_945536
942 _2ddc
_cPER